<?xml version="1.0" encoding="UTF-8"?>
<record
    xmlns:xsi="http://www.w3.org/2001/XMLSchema-instance"
    xsi:schemaLocation="http://www.loc.gov/MARC21/slim http://www.loc.gov/standards/marcxml/schema/MARC21slim.xsd"
    xmlns="http://www.loc.gov/MARC21/slim">

  <leader>01751nas a2200325 i 4500</leader>
  <controlfield tag="001">48787</controlfield>
  <controlfield tag="003">DR-UNIBE</controlfield>
  <controlfield tag="005">20260430142528.0</controlfield>
  <controlfield tag="007">ta</controlfield>
  <controlfield tag="008">260430e2012    dr mn|p|r||||||0| | spa d</controlfield>
  <datafield tag="040" ind1=" " ind2=" ">
    <subfield code="a">BIBLIOTECA UNIBE</subfield>
    <subfield code="c">BIBLIOTECA UNIBE</subfield>
    <subfield code="b">spa</subfield>
    <subfield code="d">DO-SdBNP</subfield>
    <subfield code="e">rda</subfield>
  </datafield>
  <datafield tag="041" ind1=" " ind2=" ">
    <subfield code="a">spa</subfield>
  </datafield>
  <datafield tag="110" ind1=" " ind2=" ">
    <subfield code="a">Asociaci&#xF3;n de Industrias de la Rep&#xFA;blica Dominicana</subfield>
    <subfield code="9">71546</subfield>
  </datafield>
  <datafield tag="245" ind1=" " ind2=" ">
    <subfield code="a">Hecho en RD / </subfield>
    <subfield code="c">Asociaci&#xF3;n de Industrias de la Rep&#xFA;blica Dominicana.</subfield>
  </datafield>
  <datafield tag="264" ind1=" " ind2=" ">
    <subfield code="a">Santo Domingo, Rep&#xFA;blica Dominicana :</subfield>
    <subfield code="b">Asociaci&#xF3;n de Industrias de la Rep&#xFA;blica Dominicana</subfield>
    <subfield code="c">2012. </subfield>
  </datafield>
  <datafield tag="300" ind1=" " ind2=" ">
    <subfield code="a">volumen : </subfield>
    <subfield code="b">ilustraciones, fotograf&#xED;as, gr&#xE1;ficas ; </subfield>
    <subfield code="c">20 x 28 cm</subfield>
  </datafield>
  <datafield tag="310" ind1=" " ind2=" ">
    <subfield code="a">Mensual.</subfield>
  </datafield>
  <datafield tag="336" ind1=" " ind2=" ">
    <subfield code="a">texto </subfield>
    <subfield code="b">txt </subfield>
    <subfield code="2">rdacontent</subfield>
  </datafield>
  <datafield tag="337" ind1=" " ind2=" ">
    <subfield code="a">sin mediaci&#xF3;n </subfield>
    <subfield code="b">n </subfield>
    <subfield code="2">rdamedia</subfield>
  </datafield>
  <datafield tag="338" ind1=" " ind2=" ">
    <subfield code="a">volumen </subfield>
    <subfield code="b">nc </subfield>
    <subfield code="2">rdacarrier</subfield>
  </datafield>
  <datafield tag="362" ind1=" " ind2=" ">
    <subfield code="a">Volumen 2, N&#xFA;mero 3 (abril 2012).</subfield>
  </datafield>
  <datafield tag="500" ind1=" " ind2=" ">
    <subfield code="a">Catalogaci&#xF3;n basada en el: Volumen 2, N&#xFA;mero 3 (abril 2012).</subfield>
  </datafield>
  <datafield tag="500" ind1=" " ind2=" ">
    <subfield code="a">La AIRD: es la organizaci&#xF3;n empresarial m&#xE1;s grande y representativa del sector industrial en la Rep&#xFA;blica Dominicana, que agrupa a m&#xE1;s de 200 empresas y asociaciones regionales y sectoriales de la industria en todo el territorio nacional.</subfield>
  </datafield>
  <datafield tag="520" ind1=" " ind2=" ">
    <subfield code="a">Revista l&#xED;der que identifica al sector industrial dominicano, la cual analiza a profundidad los principales temas vinculados al sector industrial y a la econom&#xED;a nacional e internacional.</subfield>
  </datafield>
  <datafield tag="650" ind1=" " ind2=" ">
    <subfield code="a">Producci&#xF3;n</subfield>
    <subfield code="v">Publicaciones peri&#xF3;dicas</subfield>
    <subfield code="z">Rep&#xFA;blica Dominicana</subfield>
    <subfield code="9">34516</subfield>
  </datafield>
  <datafield tag="651" ind1=" " ind2=" ">
    <subfield code="a">Rep&#xFA;blica Dominicana</subfield>
    <subfield code="x">Comercio exterior</subfield>
    <subfield code="v">Publicaciones peri&#xF3;dicas</subfield>
    <subfield code="9">22638</subfield>
    <subfield code="z">Rep&#xFA;blica Dominicana</subfield>
  </datafield>
  <datafield tag="651" ind1=" " ind2=" ">
    <subfield code="a">Rep&#xFA;blica Dominicana</subfield>
    <subfield code="x">Industrias</subfield>
    <subfield code="9">185529</subfield>
  </datafield>
  <datafield tag="856" ind1=" " ind2=" ">
    <subfield code="u">https://aird.org.do/es/publicaciones/revista-hechoenrd/</subfield>
  </datafield>
  <datafield tag="942" ind1=" " ind2=" ">
    <subfield code="2">ddc</subfield>
    <subfield code="c">ISSUE</subfield>
  </datafield>
  <datafield tag="952" ind1=" " ind2=" ">
    <subfield code="0">0</subfield>
    <subfield code="1">0</subfield>
    <subfield code="2">ddc</subfield>
    <subfield code="4">0</subfield>
    <subfield code="5">6</subfield>
    <subfield code="7">0</subfield>
    <subfield code="8">SE</subfield>
    <subfield code="a">BNPHU</subfield>
    <subfield code="b">BNPHU</subfield>
    <subfield code="d">2026-04-30</subfield>
    <subfield code="h">Volumen 2, N&#xFA;mero 3 (abril 2012)</subfield>
    <subfield code="l">0</subfield>
    <subfield code="p">2026-3461</subfield>
    <subfield code="r">2026-04-30</subfield>
    <subfield code="t">e.1</subfield>
    <subfield code="w">2026-04-30</subfield>
    <subfield code="y">ISSUE</subfield>
    <subfield code="z">Disponible para consulta en: Hemeroteca.</subfield>
  </datafield>
  <datafield tag="952" ind1=" " ind2=" ">
    <subfield code="0">0</subfield>
    <subfield code="1">0</subfield>
    <subfield code="2">ddc</subfield>
    <subfield code="4">0</subfield>
    <subfield code="5">6</subfield>
    <subfield code="7">0</subfield>
    <subfield code="8">SE</subfield>
    <subfield code="a">BNPHU</subfield>
    <subfield code="b">BNPHU</subfield>
    <subfield code="d">2026-04-30</subfield>
    <subfield code="h">Volumen 2, N&#xFA;mero 4 (mayo 2013)</subfield>
    <subfield code="l">0</subfield>
    <subfield code="p">2026-3462</subfield>
    <subfield code="r">2026-04-30</subfield>
    <subfield code="t">e.1</subfield>
    <subfield code="w">2026-04-30</subfield>
    <subfield code="y">ISSUE</subfield>
    <subfield code="z">Disponible para consulta en: Hemeroteca.</subfield>
  </datafield>
  <datafield tag="952" ind1=" " ind2=" ">
    <subfield code="0">0</subfield>
    <subfield code="1">0</subfield>
    <subfield code="2">ddc</subfield>
    <subfield code="4">0</subfield>
    <subfield code="5">6</subfield>
    <subfield code="7">0</subfield>
    <subfield code="8">SE</subfield>
    <subfield code="a">BNPHU</subfield>
    <subfield code="b">BNPHU</subfield>
    <subfield code="d">2026-04-30</subfield>
    <subfield code="h">Volumen 2, N&#xFA;mero 4 (mayo 2013)</subfield>
    <subfield code="l">0</subfield>
    <subfield code="p">2026-3489</subfield>
    <subfield code="r">2026-04-30</subfield>
    <subfield code="t">e.2</subfield>
    <subfield code="w">2026-04-30</subfield>
    <subfield code="y">ISSUE</subfield>
    <subfield code="z">Disponible para consulta en: Hemeroteca.</subfield>
  </datafield>
  <datafield tag="952" ind1=" " ind2=" ">
    <subfield code="0">0</subfield>
    <subfield code="1">0</subfield>
    <subfield code="2">ddc</subfield>
    <subfield code="4">0</subfield>
    <subfield code="5">6</subfield>
    <subfield code="7">0</subfield>
    <subfield code="8">SE</subfield>
    <subfield code="a">BNPHU</subfield>
    <subfield code="b">BNPHU</subfield>
    <subfield code="d">2026-04-30</subfield>
    <subfield code="h">Volumen 3, N&#xFA;mero 5 (noviembre 2013)</subfield>
    <subfield code="l">0</subfield>
    <subfield code="p">2026-3490</subfield>
    <subfield code="r">2026-04-30</subfield>
    <subfield code="t">e.1</subfield>
    <subfield code="w">2026-04-30</subfield>
    <subfield code="y">ISSUE</subfield>
    <subfield code="z">Disponible para consulta en: Hemeroteca.</subfield>
  </datafield>
  <datafield tag="952" ind1=" " ind2=" ">
    <subfield code="0">0</subfield>
    <subfield code="1">0</subfield>
    <subfield code="2">ddc</subfield>
    <subfield code="4">0</subfield>
    <subfield code="5">6</subfield>
    <subfield code="7">0</subfield>
    <subfield code="8">SE</subfield>
    <subfield code="a">BNPHU</subfield>
    <subfield code="b">BNPHU</subfield>
    <subfield code="d">2026-04-30</subfield>
    <subfield code="h">Volumen 3, N&#xFA;mero 6 (junio 2014)</subfield>
    <subfield code="l">0</subfield>
    <subfield code="p">2026-3463</subfield>
    <subfield code="r">2026-04-30</subfield>
    <subfield code="t">e.1</subfield>
    <subfield code="w">2026-04-30</subfield>
    <subfield code="y">ISSUE</subfield>
    <subfield code="z">Disponible para consulta en: Hemeroteca.</subfield>
  </datafield>
  <datafield tag="952" ind1=" " ind2=" ">
    <subfield code="0">0</subfield>
    <subfield code="1">0</subfield>
    <subfield code="2">ddc</subfield>
    <subfield code="4">0</subfield>
    <subfield code="5">6</subfield>
    <subfield code="7">0</subfield>
    <subfield code="8">SE</subfield>
    <subfield code="a">BNPHU</subfield>
    <subfield code="b">BNPHU</subfield>
    <subfield code="d">2026-04-30</subfield>
    <subfield code="h">Volumen 4, N&#xFA;mero 7 (octubre 2014)</subfield>
    <subfield code="l">0</subfield>
    <subfield code="p">2026-3464</subfield>
    <subfield code="r">2026-04-30</subfield>
    <subfield code="t">e.1</subfield>
    <subfield code="w">2026-04-30</subfield>
    <subfield code="y">ISSUE</subfield>
    <subfield code="z">Disponible para consulta en: Hemeroteca.</subfield>
  </datafield>
  <datafield tag="952" ind1=" " ind2=" ">
    <subfield code="0">0</subfield>
    <subfield code="1">0</subfield>
    <subfield code="2">ddc</subfield>
    <subfield code="4">0</subfield>
    <subfield code="5">6</subfield>
    <subfield code="7">0</subfield>
    <subfield code="8">SE</subfield>
    <subfield code="a">BNPHU</subfield>
    <subfield code="b">BNPHU</subfield>
    <subfield code="d">2026-04-30</subfield>
    <subfield code="h">Volumen 4, N&#xFA;mero 8 (junio 2015)</subfield>
    <subfield code="l">0</subfield>
    <subfield code="p">2026-3465</subfield>
    <subfield code="r">2026-04-30</subfield>
    <subfield code="t">e.1</subfield>
    <subfield code="w">2026-04-30</subfield>
    <subfield code="y">ISSUE</subfield>
    <subfield code="z">Disponible para consulta en: Hemeroteca.</subfield>
  </datafield>
  <datafield tag="952" ind1=" " ind2=" ">
    <subfield code="0">0</subfield>
    <subfield code="1">0</subfield>
    <subfield code="2">ddc</subfield>
    <subfield code="4">0</subfield>
    <subfield code="5">6</subfield>
    <subfield code="7">0</subfield>
    <subfield code="8">SE</subfield>
    <subfield code="a">BNPHU</subfield>
    <subfield code="b">BNPHU</subfield>
    <subfield code="d">2026-04-30</subfield>
    <subfield code="h">Volumen 4, N&#xFA;mero 9 (noviembre 2015)</subfield>
    <subfield code="l">0</subfield>
    <subfield code="p">2026-3466</subfield>
    <subfield code="r">2026-04-30</subfield>
    <subfield code="t">e.1</subfield>
    <subfield code="w">2026-04-30</subfield>
    <subfield code="y">ISSUE</subfield>
    <subfield code="z">Disponible para consulta en: Hemeroteca.</subfield>
  </datafield>
  <datafield tag="999" ind1=" " ind2=" ">
    <subfield code="c">60638</subfield>
    <subfield code="d">60638</subfield>
  </datafield>
</record>
